00333nam a22001217a 450000500170000000800410001708200080005811000310006624500560009726000400015330000100019365000080020320200523144531.0200523b xxu||||| |||| 00| 0 eng d a340 aThe All India ReporterLtd. aThe All India Reporter 1963 (VOL-50) ASSAM Section aBOMBAYbThe All India Reporter Ltd. a664p. aLAW